| 000 | 01021cam a22003011 4500 | ||
|---|---|---|---|
| 001 | 6667 | ||
| 003 | BD-RjUL | ||
| 005 | 20211208234305.0 | ||
| 008 | 140111s1961 nyua 001 0 eng | ||
| 035 | _a(BD-RjUL)6708 | ||
| 035 | _a(OCoLC)1023273 | ||
| 040 |
_aDLC _cOYU _dOCoLC _dUk _dDLC _dBD-RjUL _beng |
||
| 041 | 1 |
_aeng _hpol |
|
| 082 |
_a512.817 _bKUI 1962 |
||
| 100 | 1 |
_aKuratowski, Kazimierz, _d1896- _920953 |
|
| 245 | 0 | 0 |
_aIntroduction to set theory and topology / _cTranslated from the rev. Polish ed. by Leo F. Boron. |
| 260 |
_aNew York : _bPergamon Press , _cc1961 [Reprinted 1962]. |
||
| 300 |
_a283 p. : _billus. ; _c21 cm. |
||
| 490 | 1 |
_aInternational series of monographs on pure and applied mathematics, _vv. 13 |
|
| 504 | _aIncludes index. | ||
| 650 | 0 |
_aSet theory. _920954 |
|
| 650 | 0 |
_aTopology. _920955 |
|
| 830 | 0 |
_vv. 13. _920962 |
|
| 830 | 0 |
_aInternational series of monographs in pure and applied mathematics ; _919848 |
|
| 942 |
_2ddc _cBK |
||
| 999 |
_c6667 _d6667 |
||